| 000 | 00326nam a22001217a 4500 | ||
|---|---|---|---|
| 020 | _a9781439804452 | ||
| 082 |
_a620.82 _bBUS/ER |
||
| 100 |
_aBush,Pamela McCauley _91211 |
||
| 245 | _aErgonomics: Foundational Principles, Applications, and Technologies | ||
| 260 |
_aBoca Raton _bCRC Press _c2012 |
||
| 300 | _a331 | ||
| 942 | _cBK | ||
| 999 |
_c14689 _d14689 |
||